tatawwur al-muthul al-'ulya fi masr al-qadimah : /

محفوظ في:

المؤلف الرئيسي: sa'd allah, muhammad ali

التنسيق: كتاب

اللغة: Undetermined

منشور في: al-iskandariyah : mu'assasat shabab al-jami'ah, 1989.

سلاسل: dirasat fi tarikh misr wa-al-sharq al-adna al-qadim; 1

الموضوعات:

الوسوم: إضافة وسم

لا توجد وسوم, كن أول من يضع وسما على هذه التسجيلة!

رقم الطلب: BJ132 .S23

LEADER 00743nam a2200181Ia 4500
008 220401s9999||||xx |||||||||||||| ||und||
050 4 |a BJ132 .S23 
100 1 |a sa'd allah, muhammad ali 
245 1 0 |a tatawwur al-muthul al-'ulya fi masr al-qadimah :  |b  /  |c muhammad ali sa'd allah. 
264 1 |a al-iskandariyah :  |b mu'assasat shabab al-jami'ah,  |c 1989. 
300 |a 287p. :  |b ill., maps ;  |c 23cm. 
490 0 |a dirasat fi tarikh misr wa-al-sharq al-adna al-qadim; 1 
500 |a includes biBLiographical references. 
650 1 4 |a egypt moral conditions. 
650 1 4 |a social values. 
942 |2 lcc  |c BK 
952 |0 0  |1 0  |2 lcc  |4 0  |6 BJ0132 S23  |7 1  |9 39603  |a ARCE  |b ARCE  |d 2022-04-01  |l 0  |o BJ132 .S23  |p 1028701  |r 2022-04-01 00:00:00  |w 2022-04-01  |y BK 
999 |c 47184  |d 47184